[Event "Yerevan"]
[Site "Yerevan"]
[Date "1996.??.??"]
[Round "1"]
[White "Svidler, Peter"]
[Black "Epishin, Vladimir"]
[Result "1/2-1/2"]
[WhiteElo "2630"]
[BlackElo "2645"]
[Annotator "Dolmatov,S"]
[PlyCount "131"]
[EventDate "1996.04.??"]
[EventType "tourn"]
[EventRounds "11"]
[EventCountry "ARM"]
[EventCategory "15"]
[SourceTitle "CBM 053"]
[Source "ChessBase"]
[SourceDate "1996.08.01"]
[SourceVersion "1"]
[SourceVersionDate "1996.08.01"]
[SourceQuality "1"]

1. e4 c6 2. d4 d5 3. e5 Bf5 4. Nf3 e6 5. Be2 c5 6. Be3 cxd4 (6... Nd7 7. O-O
Ne7 8. dxc5 Nc6 9. c4 dxc4 10. Na3 c3 11. bxc3 Bxc5 12. Bxc5 Nxc5 13. Nb5 O-O
14. Qc1 Qb8 15. Qe3 Nd7 $10 {Tkachiev,V-Adams,M/Wijk aan Zee/1995/}) 7. Nxd4
Ne7 (7... Bg6 8. O-O Nc6 9. c4 Nge7 $14 {Short,N-Malisauskas,V/Moscow/1994}) 8.
c4 (8. O-O Nbc6 9. Bb5 a6 10. Bxc6+ bxc6 11. c4 Qd7 12. Nc3 dxc4 13. Na4 Nd5
14. Nxf5 exf5 15. Bd4 $13 {Gelfand,B-Karpov,A/Sanghi Nagar/1995/}) 8... Nbc6 9.
Qa4 a6 (9... dxc4 10. Na3 Qa5+ 11. Qxa5 Nxa5 12. Nab5 Nd5 13. Nxf5 exf5 14. Bd2
a6 15. Nd4 $14 {Gelfand,B-Karpov,A/Sanghi Nagar/1995/}) 10. Nc3 (10. Na3 Qa5+
11. Qxa5 Nxa5 12. cxd5 exd5 13. O-O Nac6 14. Rad1 $14 {Gallagher,J-Krueger,E/
Bern/1995/}) 10... dxc4 11. Rd1 Qc8 (11... b5 $2 12. Ndxb5 $18) (11... Qc7 12.
Ndb5 $16) 12. Nxf5 (12. Qxc4 b5 13. Qb3 Nxd4 14. Bxd4 Nc6 $10) 12... Nxf5 13.
Bb6 Be7 14. f4 O-O 15. Qxc4 Bd8 16. Bf2 Ba5 (16... b5 17. Qe4 Qb7 18. Bf3 Rc8)
17. O-O Qc7 18. Bd3 Nfe7 (18... Bb6 19. Bxf5 Bxf2+ 20. Rxf2 exf5 21. Nd5 $40) (
18... b5 $5 19. Qe4 (19. Qc5 $6 Bb4) 19... g6 20. g4 $14) 19. Ne4 Bb6 20. Nd6
Nd5 21. Be4 (21. Qe4 g6 22. Bc4) 21... Nce7 22. Qxc7 Bxc7 23. Bc5 b6 24. Ba3
Rad8 (24... Ne3 25. Bxa8 Rxa8 26. Rc1 $18) 25. Rc1 Rd7 26. f5 $1 Rb8 (26...
exf5 27. Nxf5 $16) 27. fxe6 fxe6 28. Rf3 $6 (28. Bf3 $16) 28... b5 29. Bc5 Bb6
30. Bxb6 Nxb6 31. Ra3 $14 Nc4 32. Rxa6 (32. Nxc4 bxc4 33. Rxa6 Rxb2) 32... Nxe5
$10 33. Rc5 (33. b3 $5) 33... Nc4 34. Rxb5 $2 Rf8 $1 $15 {[#]} 35. Rb7 Rxd6 36.
Bxh7+ Kxh7 37. Rxd6 Nxd6 38. Rxe7 Nc4 $2 (38... Rf6 $15 39. a4 Nc4) 39. Rxe6
Nxb2 40. Re7 Nc4 $10 41. Re4 Nd2 42. Rh4+ Kg8 43. h3 Ra8 44. a4 Nb3 45. Rc4 Ra5
46. Rb4 Nc1 47. Kh2 Ra6 48. Rd4 Nb3 49. Rc4 Na5 50. Rc5 Kf7 51. h4 Nc6 52. Rc4
Ne5 53. Rd4 Ke6 54. Kh3 Rb6 55. g3 Rb3 56. Rf4 Ra3 57. h5 Ra1 58. Kh4 Nf7 59.
Re4+ Kf6 60. Rf4+ Ke7 61. Rb4 Ra3 62. g4 Ra1 63. Rb7+ Kf8 64. Rb8+ Ke7 65. Rb7+
Kf8 66. Rb8+ 1/2-1/2

[Event "Yerevan"]
[Site "Yerevan"]
[Date "1996.??.??"]
[Round "11"]
[White "Svidler, Peter"]
[Black "Lputian, Smbat G"]
[Result "1/2-1/2"]
[WhiteElo "2630"]
[BlackElo "2580"]
[Annotator "Horn,Pe"]
[PlyCount "82"]
[EventDate "1996.04.??"]
[EventType "tourn"]
[EventRounds "11"]
[EventCountry "ARM"]
[EventCategory "15"]
[SourceTitle "CBM 053"]
[Source "ChessBase"]
[SourceDate "1996.08.01"]
[SourceVersion "1"]
[SourceVersionDate "1996.08.01"]
[SourceQuality "1"]

1. e4 e6 2. d3 d5 3. Nd2 Nf6 4. Ngf3 c5 5. g3 Nc6 6. Bg2 g6 7. O-O Bg7 8. Qe2 (
8. Re1 {die Hauptfortsetzung}) 8... O-O 9. Nb3 {Normalerweise strebt der Nd2
über f1 zum Königsflügel.} (9. Re1) (9. e5 Nd7 10. Re1) 9... b6 10. e5 Nd7 11.
Bf4 a5 {[%cal Ya5a4]} 12. c4 {Durch 9.Nb3 hatte Svidler bereits angedeutet,
daß er sich nicht auf Spiel am Königsflügel beschränken will.} a4 13. Nbd2 (13.
cxd5 $2 exd5 14. Nbd2 Re8 $19) 13... a3 14. bxa3 $5 (14. b3 Nb4 $132 {[%cal
Yc8a6,Yb6b5]}) 14... Re8 (14... Rxa3 15. Nb1 (15. cxd5 $2 exd5 16. e6 Qe7 $17)
15... Ra5 16. Nc3 (16. cxd5 $2 exd5 17. Nc3 d4 $17) 16... dxc4 17. dxc4 Nd4 18.
Nxd4 cxd4 19. Nb5 $13) 15. Rac1 Bb7 (15... Rxa3 $5 16. Nb3 $13 {[%cal Yf1d1,
Yd3d4]} (16. Nb1 Ra5 17. Nc3 $2 (17. h4) 17... dxc4 18. dxc4 Nd4 $1 19. Nxd4 (
19. Qe3 Bb7 $17) (19. Qe4 Nxf3+ 20. Bxf3 g5 $17) 19... cxd4 20. Nb5 g5)) 16.
Nb1 {[%cal Yb1c3,Yc3b5,Yb5d6]} d4 17. h4 h6 18. Rfe1 Ra7 {[%cal Yd8a8]} 19. Rc2
Qa8 20. Qf1 {[%cal Yc2e2,Yf3h2,Yh2g4]} Ne7 21. Nh2 Bxg2 22. Qxg2 Nc6 (22...
Qxg2+ 23. Kxg2 Nc6 (23... g5 24. hxg5 hxg5 25. Bxg5 Nxe5 26. Bxe7 Rexe7 27. f4
$1 Nxd3 $2 28. Rd1 $16) 24. Nf3 Rea8 25. Rce2 $10) 23. Rce2 g5 24. hxg5 hxg5
25. Bxg5 Ncxe5 26. f4 (26. Qxa8 Rexa8 27. f4 Nxd3 28. Rd1 Rxa3 29. Nxa3 Rxa3)
26... Qxg2+ 27. Kxg2 Nxd3 $5 28. Rd1 b5 29. Rxd3 (29. cxb5 c4 $132) 29... bxc4
30. Rd1 c3 {[%csl Gc3,Gc5,Gd4,Rb1] Lputian hat zwar nur einen P für die Figur,
aber dafür eine gewaltige Bauernkette, die den Nb1 hilflos aussehen läßt.} 31.
f5 {Beteiligt den Bg5 am Kampf gegen die fürchterlichen Bauern.} e5 (31... Nf6
$5 {ist ein Versuch, den Kontakt des Bg7 mit der Kette Pc4-d4-c3 bestehen zu
lassen.}) (31... c4 $5 {[%cal Rd4d3] sieht teuflisch gefährlich aus. Mit der
Bewertung bin ich nicht sicher.} 32. fxe6 (32. Rf1 d3) (32. f6 d3) 32... Rxe6
33. Rxe6 fxe6 $17) 32. Ng4 $1 {Es ist wichtig, den Bg7 aus dem Spiel zu nehmen.
Danach kann Weiß den toten Nb1 gegen Pc3+Pd4 geben.} f6 (32... e4 33. f6 Bh8
34. Rc1 {/\ Nxc3}) 33. Bc1 e4 (33... c4 $4 34. Rxd4) (33... Rea8 34. Rc2 $16)
34. Nxc3 (34. Rde1 $5 Rb7 (34... d3 35. Rxe4 Rxe4 36. Rxe4 d2 37. Nxd2 cxd2 38.
Bxd2 Rxa3 39. Re7 Nb6 40. Bh6 Rxa2+ 41. Kh3 $16) (34... Rb8 35. Nxc3 dxc3 36.
Rxe4 $14) (34... e3 35. Nxc3 dxc3 36. Rxe3 Rxe3 37. Rxe3 $16) 35. Nxc3 dxc3 36.
Nf2 $16) 34... dxc3 35. Bf4 (35. Rde1 $5 Ra4 (35... Rb8 36. Rxe4 Nb6 (36... Ne5
37. Nxe5 fxe5 38. g4 $18) 37. Re6 Kf7 38. Nf2 Nc4 39. Ne4 Nxa3 40. Nxc3 $14) (
35... Nb6 36. Rxe4 Rxe4 37. Rxe4) 36. Nf2 $16) 35... Nb6 36. Rd6 (36. Nf2 Rxa3
37. Nxe4 Rea8 $10) 36... Nc4 (36... Nd7 $6 37. Nf2) 37. Nxf6+ Bxf6 38. Rxf6 Rd7
(38... Rxa3 39. Re6 Rxe6 40. fxe6 Nd2 41. Bxd2 cxd2 42. Rxd2 Kf8 $10) (38...
Nxa3 39. Re6 Rxe6 40. fxe6 $14) 39. Re6 Rxe6 40. fxe6 Rd2 $1 41. Kf2 Rxe2+ (
41... Rxe2+ 42. Kxe2 c2 43. Bc1 Kf8) 1/2-1/2

[Event "Haifa"]
[Site "Haifa"]
[Date "1996.??.??"]
[Round "1"]
[White "Greenfeld, Alon"]
[Black "Svidler, Peter"]
[Result "1/2-1/2"]
[WhiteElo "2560"]
[BlackElo "2630"]
[Annotator "Svidler,P"]
[PlyCount "61"]
[EventDate "1996.06.??"]
[EventType "tourn"]
[EventRounds "7"]
[EventCountry "ISR"]
[EventCategory "14"]
[SourceTitle "CBM 054"]
[Source "ChessBase"]
[SourceDate "1996.10.01"]
[SourceVersion "1"]
[SourceVersionDate "1996.10.01"]
[SourceQuality "1"]

1. d4 {Hazai} Nf6 2. c4 g6 3. Nc3 Bg7 4. e4 d6 5. Nf3 O-O 6. Be2 e5 7. O-O exd4
8. Nxd4 Re8 9. f3 Nc6 10. Be3 Nh5 11. f4 Nf6 12. Bf3 Bg4 13. Nxc6 Bxf3 14. Qxf3
bxc6 15. Rae1 Qc8 16. Bd4 (16. Bf2 {Hazai} Qg4 $1 $15 {Solozhenkin-Glek, Le
Touquet 1994}) 16... Qe6 $5 (16... c5 17. Bxf6 Bxf6 18. e5 Bg7 (18... dxe5 19.
fxe5 Bxe5 20. Qxf7+ Kh8 21. Rxe5 $18) 19. g4 $5 Rb8 20. b3 dxe5 21. f5 $36 {
Bareev,E-Kindermann,S/Vienna op/1996/}) (16... Qg4 17. Qf2 Qe6 18. f5 gxf5 19.
exf5 Qxc4 20. b3 Qb4 21. a3 Qxa3 22. Ra1 Qb4 23. Ra4 Qb8 24. Qg3 Kh8 25. Ne4
Qd8 26. Ba1 Nh5 27. Bxg7+ Nxg7 28. Ng5 Qf6 29. Rh4 h5 30. Ne4 Qd4+ 31. Kh1 Rxe4
32. f6 Rg4 33. fxg7+ Kxg7 34. Rxg4+ hxg4 35. h3 Re8 36. Kh2 Re3 {Greenfeld,
A-Glek,I/Haifa/1996/0:1/36/}) 17. b3 (17. f5 $6 Qxc4 18. Rd1 (18. Bxf6 Bxf6 19.
fxg6 Bd4+ 20. Kh1 fxg6) 18... Nxe4 19. Bxg7 Kxg7 $17) (17. e5 Qxc4) 17... c5 $5
18. f5 (18. Bxf6 Qxf6 19. Nd5 (19. e5 Qe6 (19... dxe5 20. Nd5 $16) 20. g4 $1 (
20. Nd5 Rac8 $13 21. Nxc7 $4 Rxc7 22. exd6 Bd4+ 23. Kh1 Qxe1 24. dxc7 Qe7 $19)
20... dxe5 21. f5 e4 $1 22. Nxe4 (22. fxe6 exf3 23. exf7+ Kxf7 24. Rxf3+ Kg8
$17) 22... Bd4+ 23. Kh1 gxf5 (23... Qc6 24. fxg6 fxg6 25. Nf6+ Qxf6 26. Qd5+
$18) 24. gxf5 Qc6 $13) 19... Qd8 $1 20. f5 (20. e5 c6 21. Nf6+ Bxf6 22. exf6
Qxf6 23. Qxc6 $10) 20... c6 21. fxg6 fxg6 22. Nf6+ Bxf6 23. Qxf6 Qd7 $10) (18.
Bf2 Qg4 (18... Ng4 19. Nd5 $1 $14) 19. Nb5 Qxf3 20. gxf3 Rec8 21. e5 Ne8 $13)
18... gxf5 19. Bxf6 (19. exf5 Qxe1 20. Rxe1 Rxe1+ 21. Kf2 Rae8 $17) 19... Bxf6
(19... Qxf6 $32 20. Nd5 Qd4+ 21. Kh1 fxe4 (21... Rxe4 22. Ne7+ $18 (22. Ne7+ {
Hazai} Kh8 23. Nxf5 $18)) 22. Qxf7+ (22. Qg4 e3 23. Nf6+ Kh8 24. Qxd4 cxd4 25.
Nxe8 Rxe8 $19) 22... Kh8 23. Nxc7 (23. Qxc7 e3 24. Re2 (24. Qxd6 e2 25. Rg1 Qh4
$36) 24... Rf8 25. Rfe1 Rae8 (25... Rf2 $5 26. Rxe3 Raf8 27. Re8 (27. Rg1 Rf1
$19) 27... Qe4 $1 28. Rxf8+ Bxf8 29. Rg1 Rxg2 $10) 26. h3 Qd3 27. Rxe3 Rf1+ 28.
Kh2 (28. Rxf1 Qxf1+ 29. Kh2 Be5+ 30. Rxe5 Rg8 31. g4 Qf2+ $10) 28... Be5+ 29.
Rxe5 dxe5 30. Rxe5 Rg8 31. Ne3 Re1 32. Ng4 $16) 23... Rf8 24. Qe7 Rxf1+ 25.
Rxf1 Rg8 (25... Qd3 26. Rg1 Rg8 27. Ne8 Be5 28. Nf6 Bxf6 29. Qxf6+ Rg7 $10) 26.
Ne6 (26. Ne8 Qe5) 26... Qe5 27. Re1 $13) 20. Qg3+ $1 (20. exf5 Bd4+ 21. Kh1
Qxe1 $19) (20. Nd5 $5 Bd4+ 21. Kh1 fxe4 (21... Rac8 {Hazai} 22. Qg3+ Qg6 23.
Qh4 $14) 22. Qg3+ Qg6 23. Qxg6+ (23. Nxc7 Qxg3 24. hxg3 Re5) 23... hxg6 24.
Nxc7 Rac8 (24... f5 25. g4 $1 $16) 25. Nxe8 Rxe8 26. g4 e3 $14) 20... Kh8 21.
Nd5 (21. exf5 Bd4+ 22. Kh1 Qh6 $13 (22... Qf6 {Hazai} 23. Nd5 Rxe1 24. Qxe1 Qd8
25. f6)) 21... Rg8 22. exf5 Bd4+ 23. Kh1 Qh6 24. Qf4 (24. Qf3 Be5 $13) 24...
Qxf4 25. Rxf4 Rge8 $1 $8 26. Rfe4 (26. Ref1 Rac8 $13) 26... Rxe4 27. Rxe4 c6
28. Ne7 d5 29. cxd5 (29. Re2 dxc4 30. bxc4 Rb8 31. g3 Rb4 $13) 29... cxd5 30.
Nxd5 Rd8 31. Nf4 {(.)} (31. Nc7 Be5 $19) (31. Ne7 Bf6 $19) (31. Nf4 Be5 (31...
Be3 32. h4 $1 $14) 32. g3 Rd1+ 33. Kg2 Rd2+ 34. Kf3 (34. Ne2 f6 35. a4 (35. a3
Rd3) 35... Rb2 36. Re3 Bd4 37. Re8+ Kg7 $146) 34... Bxf4 35. Kxf4 Rxa2 36. f6 (
36. h4 Kg7) 36... h6 $10) 1/2-1/2

[Event "Haifa"]
[Site "Haifa"]
[Date "1996.??.??"]
[Round "4"]
[White "Huzman, Alexander"]
[Black "Svidler, Peter"]
[Result "1-0"]
[WhiteElo "2570"]
[BlackElo "2630"]
[Annotator "Hazai,L"]
[PlyCount "57"]
[EventDate "1996.06.??"]
[EventType "tourn"]
[EventRounds "7"]
[EventCountry "ISR"]
[EventCategory "14"]
[SourceTitle "CBM 054"]
[Source "ChessBase"]
[SourceDate "1996.10.01"]
[SourceVersion "1"]
[SourceVersionDate "1996.10.01"]
[SourceQuality "1"]

1. Nf3 {Kortschnoj} Nf6 2. c4 g6 3. Nc3 Bg7 4. e4 d6 5. d4 O-O 6. Be2 e5 7. O-O
exd4 8. Nxd4 Re8 9. f3 Nc6 (9... c6 $14 {Kortschnoj}) 10. Be3 Nh5 11. Qd2 (11.
Nd5 {Kortschnoj} Nxd4 12. Bxd4 c6) 11... f5 (11... Nf4 $142 12. Nxc6 Nxe2+ 13.
Nxe2 bxc6 14. Bd4 Bxd4+ 15. Nxd4 c5 16. Nc2 Bb7 17. Ne3 h5 18. Rad1 a5 19. h3
Bc6 $13 {Sakaev-Belov, Russia 1995}) 12. Nxc6 bxc6 13. exf5 Bxf5 14. Bd4 (14.
g4 {Kortschnoj} Bxc3 15. Qxc3 Qe7 $13) 14... Nf6 $6 (14... Bxd4+ 15. Qxd4 Qf6
16. Qxf6 Nxf6 17. g4 $14 {Akesson-Golubev, Leuven 1994}) 15. Rfe1 c5 16. Bf2
Qb8 17. Rad1 Qb4 $2 (17... Qb7 $14) 18. g4 $1 (18. b3 $2 Ng4 $1) 18... Be6 19.
Nb5 $1 Qxd2 20. Rxd2 Rec8 21. Bd3 Bf7 (21... Bd7 22. g5 Nh5 23. Re7 Bxb5 24.
cxb5 Nf4 25. Bc4+ Kh8 26. Be3 Be5 27. Rf7 $16) (21... Kf7 $142 {Kortschnoj} 22.
Rde2 $16) 22. Re7 $18 Ne8 23. Be4 Bf8 24. Rxe8 $1 Rxe8 25. Bxa8 Rxa8 26. Nxc7
Rb8 27. b3 a5 28. Bg3 a4 29. Nb5 1-0

[Event "Haifa"]
[Site "Haifa"]
[Date "1996.??.??"]
[Round "7"]
[White "Svidler, Peter"]
[Black "Sutovsky, Emil"]
[Result "1-0"]
[WhiteElo "2630"]
[BlackElo "2545"]
[Annotator "Har Zvi,R"]
[PlyCount "79"]
[EventDate "1996.06.??"]
[EventType "tourn"]
[EventRounds "7"]
[EventCountry "ISR"]
[EventCategory "14"]
[SourceTitle "CBM 054"]
[Source "ChessBase"]
[SourceDate "1996.10.01"]
[SourceVersion "1"]
[SourceVersionDate "1996.10.01"]
[SourceQuality "1"]

1. e4 c5 2. Nf3 d6 3. d4 cxd4 4. Nxd4 Nf6 5. Nc3 a6 6. Be2 e6 7. f4 Qc7 8. O-O
Be7 9. Be3 O-O 10. g4 Re8 11. g5 Nfd7 12. Bd3 (12. Bh5 g6 13. Bg4 Bf8 (13...
Nc6 $4 14. Nxe6 fxe6 15. Bxe6+ Kh8 16. Nd5 Qb8 17. Bf7 Rf8 18. Bd4+ Nde5 19.
Nxe7 Nxe7 20. fxe5 dxe5 21. Bc5 Kg7 22. Bxe7 Qa7+ 23. Kh1 Bh3 24. Qf3 {1-0
Polgar,J-Hans Ree Amsterdam 1989}) 14. f5 Ne5 15. fxe6 fxe6 16. Rf6 Nxg4 17.
Qxg4 Nc6 $2 {a mistake,the correct continuation is 17...Nd7 when black is Ok
after 17...Nc6 there is one difference} 18. Nxc6 bxc6 19. e5 $1 d5 20. Raf1 Bg7
21. Bc5 $1 {with a very difficult position for black Shirov,A-Anand,V Buenos
Aires 62/227 [Shirov,A; Lanka,Z] 1-0 47}) 12... Nc6 13. Qh5 g6 14. Qh4 Bf8 15.
Rf3 Bg7 16. Nde2 b5 17. Rh3 Nf8 18. f5 Ne5 19. f6 Bh8 20. a3 $1 {a very strong
move not giving any counter play,black's only idea seems to be b4 there for
this anmd espeically white's next move are very strong after I completely do
not like black's position} Rb8 21. b4 $1 {this position was reached in the PCA
1996 Semi-Final between Kasparov and Anand about one month before this game,
Anand lost after a terrible move on move 31 but I said he really lost after
white played f6!!} Nc4 (21... Bb7 22. Rf1 Rbc8 23. Bd4 Nc6 24. Be3 Ne5 25. Rf4
Qd7 26. Qh6 Nxd3 27. cxd3 e5 28. Rf1 Rc7 29. Bb6 Rc6 30. Nd5 Bc8 31. Re3 Qb7 $2
32. Bd8 $1 Ne6 33. Ne7+ Rxe7 34. fxe7 Qd7 35. Rh3 {Kasparov,G-Anand,V PCA
Kremlin Semi-Final 1996 1-0 35}) 22. Bxc4 Qxc4 23. Rd1 e5 24. Rg3 Re6 25. Bf2
Bb7 26. Rgd3 Qc7 27. Qg3 Nd7 28. Qe3 Bxf6 $6 {black probably thought that
there are not many chances in just playing normal, since white will just
improve his position and win,but after this move white is winning quick} (28...
Rd8 29. Qd2 Nb6 30. Bxb6 Qxb6+ 31. Kg2 {when black's position is lost,it is
impossible to play this position without a bishop}) (28... h6 29. h4 h5 30. Qd2
) 29. gxf6 Nxf6 30. h3 $1 Rc8 31. Bh4 Nh5 32. Qd2 $1 {white is winning,after
the "d" file will be open black's king will become very weak against white's
attack} Qc4 33. Rxd6 Rxd6 34. Qxd6 Bxe4 35. Qxe5 Bf3 36. Rd8+ Rxd8 37. Bxd8 Qc6
38. Qb8 $1 Kg7 39. Be7 Kh6 40. Qe5 (40. Qe5 f6 41. Bf8+ Ng7 42. Qe3+ g5 43. Nd4
) 1-0

[Event "Olympiad-32"]
[Site "Yerevan"]
[Date "1996.09.16"]
[Round "1.2"]
[White "Norri, Joose"]
[Black "Svidler, Peter"]
[Result "0-1"]
[WhiteElo "2385"]
[BlackElo "2650"]
[Annotator "Dolmatov,S"]
[PlyCount "94"]
[EventDate "1996.09.15"]
[EventType "team-swiss"]
[EventRounds "14"]
[EventCountry "ARM"]
[SourceTitle "CBM 055"]
[Source "ChessBase"]
[SourceDate "1996.12.01"]
[SourceVersion "1"]
[SourceVersionDate "1996.12.01"]
[SourceQuality "1"]
[WhiteTeam "Finland"]
[BlackTeam "Russia"]
[WhiteTeamCountry "FIN"]
[BlackTeamCountry "RUS"]

1. d4 Nf6 2. c4 g6 3. Nc3 Bg7 4. e4 d6 5. Be2 O-O 6. Bg5 Nbd7 7. Qd2 c6 8. Nf3
d5 9. exd5 $6 cxd5 10. O-O a6 (10... Ne4 $6 11. Nxe4 dxe4 12. Ne1 f6 13. Be3 e5
14. Rd1 exd4 15. Bxd4 Qe7 16. Nc2 $14 {Portisch,L-Nunn,J/Linares/1988/}) 11. a3
(11. a4 dxc4 12. Bxc4 Nb6 13. Bb3 Nfd5 14. Nxd5 Nxd5 15. Bxd5 Qxd5 16. Bxe7 Re8
$44) 11... dxc4 12. Bxc4 b5 13. Ba2 Bb7 14. Ne5 $6 (14. d5 $5 Nc5 (14... Nb6
15. Rad1 Nc4 16. Bxc4 bxc4 17. Bh6 $14) 15. Rfe1) 14... Rc8 (14... Nxe5 $5 15.
dxe5 Qxd2 16. Bxd2 Ng4 17. f4 (17. e6 f5 18. Nd5 $4 Bxd5 19. Bxd5 Rad8) 17...
Rfd8 18. Rfd1 e6) 15. Rad1 Nb6 16. d5 Nfxd5 $1 (16... Rxc3 17. bxc3 Nfxd5 (
17... Ne4 18. Qe3 Nxg5 19. Qxg5 $16) 18. c4 Bxe5 19. cxd5 $10) 17. Bxd5 Nxd5
18. Nxd5 Qxd5 (18... Bxe5 19. Nxe7+ Kg7 20. Nf5+ $18) 19. Qxd5 Bxd5 20. Rxd5 e6
21. Rd6 (21. Nxg6 $5 exd5 (21... hxg6 22. Rd2 $15) 22. Ne7+ Kh8 23. Nxc8 Rxc8
24. Rc1 Re8 25. b3 Bb2 26. Rd1 $15) 21... Bxe5 22. Rxa6 Bxb2 23. a4 bxa4 (23...
b4 $2 24. Be7) 24. Rxa4 Kg7 25. Rb1 $15 Be5 26. Re1 Bc3 27. Rc1 h5 28. g3 (28.
h3 $5 e5 29. g4) 28... Be5 29. Re4 Rxc1+ 30. Bxc1 Bf6 31. h4 Rd8 32. Bf4 Rd5
33. Kg2 Be7 34. Rc4 Bc5 35. Kf3 Rf5 36. Ke2 Bxf2 $6 (36... Rd5 37. Be3 Bd6 38.
Rd4 Kf6 $15) 37. Kxf2 e5 38. Kf3 exf4 39. gxf4 $10 Ra5 40. Rc6 Ra3+ 41. Kg2 Re3
42. Rb6 f6 43. Rb7+ Kf8 44. f5 $2 (44. Ra7 Re7 45. Ra6 Kf7 46. Kf3 $10) 44...
gxf5 45. Rh7 Kg8 46. Rxh5 $2 (46. Rd7 $17) 46... Re5 $19 47. Kf3 f4 0-1

[Event "Olympiad-32"]
[Site "Yerevan"]
[Date "1996.09.20"]
[Round "5.2"]
[White "Svidler, Peter"]
[Black "Xu, Jun"]
[Result "1/2-1/2"]
[WhiteElo "2650"]
[BlackElo "2505"]
[PlyCount "27"]
[EventDate "1996.09.15"]
[EventType "team-swiss"]
[EventRounds "14"]
[EventCountry "ARM"]
[SourceTitle "CBM 055"]
[Source "ChessBase"]
[SourceDate "1996.12.01"]
[SourceVersion "1"]
[SourceVersionDate "1996.12.01"]
[SourceQuality "1"]
[WhiteTeam "Russia"]
[BlackTeam "China"]
[WhiteTeamCountry "RUS"]
[BlackTeamCountry "CHN"]

1. e4 c5 2. Nf3 d6 3. d4 cxd4 4. Nxd4 Nf6 5. Nc3 a6 6. Be2 g6 7. g4 Bg7 8. g5
Nfd7 9. Be3 b5 10. Qd2 Bb7 11. h4 Nb6 12. a3 N8d7 13. h5 Rg8 14. hxg6 1/2-1/2

[Event "Olympiad-32"]
[Site "Yerevan"]
[Date "1996.09.23"]
[Round "7.3"]
[White "Svidler, Peter"]
[Black "Haba, Petr"]
[Result "1-0"]
[WhiteElo "2650"]
[BlackElo "2485"]
[PlyCount "105"]
[EventDate "1996.09.15"]
[EventType "team-swiss"]
[EventRounds "14"]
[EventCountry "ARM"]
[SourceTitle "CBM 055"]
[Source "ChessBase"]
[SourceDate "1996.12.01"]
[SourceVersion "1"]
[SourceVersionDate "1996.12.01"]
[SourceQuality "1"]
[WhiteTeam "Russia"]
[BlackTeam "Czech Republic"]
[WhiteTeamCountry "RUS"]
[BlackTeamCountry "CZE"]

1. e4 e6 2. d4 d5 3. Nd2 dxe4 4. Nxe4 Be7 5. Nf3 Nf6 6. Bd3 Nbd7 7. Qe2 Nxe4 8.
Qxe4 c5 9. Qg4 Bf6 10. Be3 cxd4 11. Bxd4 Bxd4 12. Qxd4 Qf6 13. Qb4 a5 14. Qb5
Ra6 15. c3 Rb6 16. Qc4 Rc6 17. Qd4 Qxd4 18. Nxd4 Rb6 19. O-O-O Nc5 20. Bc4 Bd7
21. Rhe1 O-O 22. Re5 Rc8 23. Nb3 Nxb3+ 24. axb3 Bc6 25. Rd6 Kf8 26. Rxa5 Ke7
27. Rd4 Bxg2 28. Rg5 Bh3 29. Rxg7 Bf5 30. Bd3 Bg6 31. Bxg6 hxg6 32. Rf4 Rf8 33.
Rc4 Rxb3 34. Rc7+ Kf6 35. Rh7 g5 36. Rh6+ Ke5 37. Rc5+ Kd6 38. Rxg5 Ra8 39. Rh4
Ra1+ 40. Kc2 Rb6 41. Rd4+ Ke7 42. Rd2 Rh1 43. Rh5 Rc6 44. Rd3 Re1 45. Kd2 Rb1
46. Rb5 Rc7 47. Rd4 Kf6 48. Rdb4 Rd7+ 49. Ke2 Rbd1 50. Rxb7 R7d2+ 51. Kf3 Rf1
52. Rf4+ Kg6 53. Kg2 1-0